| 000 | 00491nam a2200181Ia 4500 | ||
|---|---|---|---|
| 008 | 230718s9999 xx 000 0 und d | ||
| 020 | _a9788183714228 | ||
| 041 | _aeng | ||
| 082 |
_a604.2 _bNAR |
||
| 100 |
_aNarayana K.L. _9140862 |
||
| 245 | _aEngineering Drawing | ||
| 250 | _a3rd ed. | ||
| 260 |
_c2016 _bScitech Publications |
||
| 300 | _a875 | ||
| 365 |
_cRs. _b585.00 |
||
| 700 |
_aNarayana K.L. & Kannaiah P. _9188142 |
||
| 906 |
_dO:0620330-Oct-2018B:461926-Oct-2018 _cBSH _b1170 |
||
| 999 |
_c348821 _d348821 |
||